• 首页
  • 本馆介绍
  • 公告通知
  • 最新文献
  • 馆藏检索
  • 电子资源
  • 读者导购
  • 参考咨询
  • 我的图书馆
  • 登录
  • 详细信息显示
  • 放入我的书架
  • 预约/预借图书
  • 作者相关作品
  • 分类相关作品
  • 丛书相关作品
  • 出版社相关作品

书目信息

  • 表格格式
  • 工作单格式
  • 卡片格式
题名:
中小企业学华为
    
 
作者: 杨家诚 著
分册:  
出版信息: 北京   中国经济出版社  2018.05
页数: 264页
开本: 24cm
丛书名:
单 册:
中图分类: F632.765.3
科图分类:
主题词: 通信--邮电企业--企业管理--经验--深圳
电子资源:
ISBN: 978-7-5136-5087-8
000 01054nam0 2200241 450
001 1103
005 20180927115438.01
010    @a978-7-5136-5087-8@dCNY58.00
100    @a20180714d2018 em y0chiy50 ea
101 0  @achi
102    @aCN@b110000
105    @ay z 000yy
200 1  @a中小企业学华为@9zhong xiao qi ye xue hua wei@e华为经营管理实践之启示@dSmall and medium enterprises learn HUAWEI@ethe enlightenment of HUAWEI's management practice@f杨家诚(鹰博士)著@zeng
210    @a北京@c中国经济出版社@d2018.05
215    @a264页@d24cm
330    @a本书内容涉及华为的组织战略、管理变革、创新机制、危机意识等,揭示了适合中小企业学习的华为价值理念与经营管理方法。
510 1  @aSmall and medium enterprises learn HUAWEI@ethe enlightenment of HUAWEI's management practice@zeng
517 1  @a华为经营管理实践之启示@9hua wei jing ying guan li shi jian zhi qi shi
606 0  @a通信@x邮电企业@x企业管理@x经验@y深圳
690    @aF632.765.3@v5
701  0 @a杨家诚@9yang jia cheng@4著
801  0 @aCN@b91MARC@c20180714
905    @aMuseLib@dF632.765.3@e15
    
    中小企业学华为:华为经营管理实践之启示=Small and medium enterprises learn HUAWEI:the enlightenment of HUAWEI's management practice/杨家诚(鹰博士)著.-北京:中国经济出版社,2018.05
    264页;24cm
    
    
    ISBN 978-7-5136-5087-8:CNY58.00
    本书内容涉及华为的组织战略、管理变革、创新机制、危机意识等,揭示了适合中小企业学习的华为价值理念与经营管理方法。
●
相关链接 在E读中查询图书 在五车中查询图书 在当当中查询图书 在豆瓣中查询图书


正题名:中小企业学华为     索取号:F632.765.3/15         预约/预借

序号 登录号 条形码 馆藏地/架位号 状态 备注
1 1121179   211211794   第一样本阅览室/ [索取号:F632.765.3/15] 在馆    
2 1121180   211211801   第一借阅区/ [索取号:F632.765.3/15] 在馆    
3 1121181   211211810   第一借阅区/ [索取号:F632.765.3/15] 在馆    
4 1121182   211211829   第一借阅区/ [索取号:F632.765.3/15] 在馆    
5 1121183   211211838   第一借阅区/ [索取号:F632.765.3/15] 在馆    
唐山师范学院图书馆 欢迎您!
大连网信软件有限公司© 版权所有